Statistiques concernant Taylor Swift - Chansons les plus streamés de Red

Cliquez ici pour prendre le quiz!

Statistiques générales

  • Ce quiz a été pris 38 fois
  • Le résultat moyen est 8 sur 28

Statistiques - réponses

HintRéponse% Correct
1’469MI Knew You Were Trouble
96%
1’452MWe Are Never Ever Getting Back Together
89%
1’073M22
81%
1’172MAll Too Well
78%
629MRed
59%
361MBegin Again
26%
736MEverything Has Changed
26%
35MRonan
26%
100MHoly Ground
22%
182MState of Grace
22%
166MThe Last Time
22%
137MTreacherous
22%
79MStarlight
19%
84MThe Lucky One
19%
206MBabe
15%
98MCome Back… Be Here
15%
50MForever Winter
15%
82MSad Beautiful Tragic
15%
104MStay Stay Stay
15%
76MThe Moment I Knew
15%
79MBetter Man
11%
56MGirl At Home
11%
115MI Almost Do
11%
165MI Bet You Think About Me
11%
101MRun
11%
115MNothing New
7%
85MThe Very First Night
7%
137MMessage In A Bottle
4%

Distribution des résultats

Percentile par nombre de réponses

% des personnes avec chaque résultat

Votre développement - résultats

Vous n’avez pas pris ce quiz